00000000nam##2200000za#4500
0019.637544
003CaOODSP
00520210624221244
007cr |||||||||||
008150407|2010||||xxc|||||o    f|0| 0 fre|d
020 |a978-1-100-94462-3
040 |aCaOODSP|bfre
043 |an-cn---
0861 |aCP32-92/2-2010F-PDF
1101 |aCanada.|bConseil privé.
24510|aCommission d'enquête concernant les allégations au sujet des transactions financières et commerciales entre Karlheinz Schreiber et le Très Honorable Brian Mulroney - rapport / |h[ressource électronique]|cL'honorable Jeffrey Oliphant, Commissaire.
260 |aOttawa - Ontario : |bConseil privé |cc2010.
300 |aEn deux fichiers Adobe (440p., 414p.)|bfigures, tableaux
500 |aComprend deux volumes: Volume 2, Enquête sur les faits.--Volume 3, Politiques et conclusions et recommandations consolidées.
590 |a10-22|b2010-06-04
77508|tCommission of Inquiry into Certain Allegations Respecting Business and Financial Dealings Between Karlheinz Schreiber and the Right Honourable Brian Mulroney - report / |w(CaOODSP)9.693369
7760#|tCommission d'enquête concernant les allégations au sujet des transactions financières et commerciales entre Karlheinz Schreiber et le Très honorable Brian Mulroney - rapport / |w(CaOODSP)9.684964
85640|ahttp://publications.gc.ca|qPDF|s3271 Ko|uhttps://publications.gc.ca/collections/collection_2010/bcp-pco/CP32-92-2-2010-1-fra.pdf
85640|ahttp://publications.gc.ca|qPDF|s13,676 Ko|uhttps://publications.gc.ca/collections/collection_2010/bcp-pco/CP32-92-2-2010-2-fra.pdf